Welcome to CU Library Online Public Access Catalogue (OPAC)

The story of christian theology: (Record no. 2749)

MARC details
000 -LEADER
fixed length control field 00438nam a22001577a 4500
005 - DATE AND TIME OF LATEST TRANSACTION
control field 20250121131019.0
008 - FIXED-LENGTH DATA ELEMENTS--GENERAL INFORMATION
fixed length control field 250121b |||||||| |||| 00| 0 eng d
020 ## - INTERNATIONAL STANDARD BOOK NUMBER
International Standard Book Number 9780851117737
050 ## - LIBRARY OF CONGRESS CALL NUMBER
Classification number BT 21.2.O 57 OLS
Item number 1
100 ## - MAIN ENTRY--PERSONAL NAME
Personal name Olson,E Roger
245 ## - TITLE STATEMENT
Title The story of christian theology:
Remainder of title Twenty centuries of Tradition and reform
260 ## - PUBLICATION, DISTRIBUTION, ETC.
Place of publication, distribution, etc. illinois
Name of publisher, distributor, etc. IVP Academic
Date of publication, distribution, etc. 1999
300 ## - PHYSICAL DESCRIPTION
Extent 652p
500 ## - GENERAL NOTE
General note index,
942 ## - ADDED ENTRY ELEMENTS (KOHA)
Source of classification or shelving scheme Library of Congress Classification
Koha item type Books
Suppress in OPAC No
999 ## -
-- 2749
-- 2749
Holdings
Withdrawn status Lost status Source of classification or shelving scheme Damaged status Not for loan Collection Home library Current library Shelving location Date acquired Total checkouts Full call number Barcode Date last seen Copy number Price effective from Koha item type
    Library of Congress Classification     Non-fiction Business Library (Miotso) Business Library (Miotso) General stacks 03/04/2026   BT21.2.O57 OLS BSSM00002446 03/04/2026 1 03/04/2026 Books
    Library of Congress Classification     Non-fiction Business Library (Miotso) Business Library (Miotso) General stacks 03/04/2026   BT21.2.O57 OLS BSSM00002447 03/04/2026 2 03/04/2026 Books
    Library of Congress Classification     Non-fiction Graduate Library (Christ Temple) Graduate Library (Christ Temple) General stacks 01/21/2025   BT 21.2.O57 OLS GSCT00000291 01/21/2025 1 01/21/2025 Books
    Library of Congress Classification     Non-fiction Graduate Library (Christ Temple) Graduate Library (Christ Temple) General stacks 02/13/2025   BT 21.2.O57 OLS GSCT00000502 02/13/2025   02/13/2025 Books
    Library of Congress Classification     Non-fiction Undergraduate Library (Christ Temple) Undergraduate Library (Christ Temple) General stacks 07/09/2025   BT21.2.O57 OLS ulct00003753 07/09/2025 1 07/09/2025 Books
    Library of Congress Classification     Non-fiction Undergraduate Library (Christ Temple) Undergraduate Library (Christ Temple) General stacks 07/09/2025   BT21.2.O57 OLS ulct00003754 07/09/2025 2 07/09/2025 Books
© 2023-2024 Copyright: Central University Libraries. All Rights Reserved | Created by: Mahone Tech Office